| 000 | 00363 a2200169 4500 | ||
|---|---|---|---|
| 001 | 160852 | ||
| 020 | _a85-2-452016-7 | ||
| 040 | _cMagnum | ||
| 100 | _aCarr, Stella | ||
| 240 | 1 | 0 |
_aOlhorão olhorudo _lpor |
| 245 | 1 | 0 | _aOlhorão olhorudo |
| 300 | _a32 | ||
| 362 | 0 | _a1982 | |
| 440 | 1 | _aMelhoramentos | |
| 697 | _aLITERATURA INFANTO-JUVENIL | ||
| 942 | _cBK | ||
| 999 |
_c160852 _d160852 |
||